banner koha

Sourgrass resistance mechanism to the herbicide glyphosate (Registro n. 9409)

MARC details
000 -LÍDER
fixed length control field 04256nab a2200325 i 4500
003 - CÓDIGO MARC DA AGÊNCIA CATALOGADORA
Campo de controle BR-BrBNA
005 - DATA E HORA DA ÚLTIMA ATUALIZAÇÃO
Campo de controle 20230919135836.0
008 - CAMPO DE TAMANHO FIXO
fixed length control field 230619b2019 bl.ar|pooa||| 00| 0 eng |
040 ## - FONTE DA CATALOGAÇÃO
Agência catalogadora BR-BrBNA
Idioma da catalogação eng
072 ## - CATEGORIA AGRIS
Código AGRIS H60
100 ## - ENTRADA PRINCIPAL - NOME PESSOAL
Nome pessoal Melo, M.S.C.
100 ## - ENTRADA PRINCIPAL - NOME PESSOAL
Nome pessoal Rocha, L.J.F.N.
100 ## - ENTRADA PRINCIPAL - NOME PESSOAL
Nome pessoal Brunharo, C.A.C.G.
100 ## - ENTRADA PRINCIPAL - NOME PESSOAL
Nome pessoal Nicolai, M.
100 ## - ENTRADA PRINCIPAL - NOME PESSOAL
Nome pessoal Tornisiello, V.L.
100 ## - ENTRADA PRINCIPAL - NOME PESSOAL
Nome pessoal Nissen, S.J.
100 ## - ENTRADA PRINCIPAL - NOME PESSOAL
Nome pessoal Christoffoleti, P.J.
245 ## - TÍTULO PRINCIPAL
Título principal Sourgrass resistance mechanism to the herbicide glyphosate
500 ## - NOTA GERAL
Nota geral Publicação on-line; 36 ref.; 3 tables; 4 illus.; Summaries (En, Pt)
942 ## - ADDED ENTRY ELEMENTS (KOHA)
Koha item type
520 ## - NOTA DE RESUMO
Nota de conteúdo <br/><br/>ABSTRACT - The knowledge on the mechanism that gives a weed resistance to a<br/>particular herbicide is essential regarding scientific, academic, and practical aspects<br/>because it determines the recommendations for prevention and management of<br/>resistance in the field. Studies on the sourgrass (Digitaria insularis) glyphosate<br/>resistance mechanism in the literature have not been conclusive. Thus, the aim of<br/>this research was to study and evaluate the putative resistance mechanisms<br/>whichgives sourgrass biotypes, the ability to survive after glyphosate application.<br/>For this, 14C-glyphosate leaf absorption and translocation were compared in the<br/>biotypes Matão (R), Campo Florido (MG), Diamantino (MT), and Iracemápolis (S) as<br/>a function of the time after its application. In addition, the possibility that the<br/>mechanism of resistance results from a mutation in the EPSPs-encoding gene was<br/>also studied. The biotypes S, R, MG, and MT absorbed similar amounts of 14C-glyphosate. <br/>The biotypes R, MG, and MT did not present differences in 14C-glyphosate<br/>translocation when compared to the biotype S. The sequencing of<br/>the EPSPs-encoding gene showed no mutation in the regions 106 and 182, which<br/>normally give resistance to glyphosate in the case of other species. No mutation in<br/>the EPSPs-encoding gene was observed. Therefore, they are not glyphosate<br/>resistance mechanisms for the evaluated biotypes.<br/><br/>Keywords: absorption, translocation, mutation, 14C-glyphosate, Digitaria insularis.
520 ## - NOTA DE RESUMO
Nota de conteúdo <br/><br/>RESUMO - O conhecimento do mecanismo que confere a uma planta daninha<br/>resistência a um determinado herbicida é de fundamental importância tanto sob o<br/>aspecto científico e acadêmico, como prático, pois determina as recomendações de<br/>prevenção e manejo da resistência no campo. Os estudos até o momento sobre os<br/>mecanismos de resistência do capim-amargoso (Digitaria insularis) ao glyphosate<br/>existentes na literatura não são conclusivos. Assim, o intuito desta pesquisa foi<br/>estudar e avaliar os possíveis mecanismos que conferem resistência aos biótipos de<br/>capim-amargoso para sobreviver ao controle pelo glyphosate. Para isso, foi<br/>comparada a absorção foliar e translocação do 14C-glyphosate nos biótipos de<br/>Matão (R), Campo Florido (MG), Diamantino (MT) e Iracemápolis (S), em função<br/>do tempo após sua aplicação. Além disso, também foi estudada a possibilidade de o<br/>mecanismo de resistência ser resultante de mutação no gene que codifica a EPSPs.<br/>Os biótipos S, R, MG e MT absorveram quantidades similares de 14C-glyphosate. Os<br/>biótipos R, MG e MT não apresentaram diferenças de translocação de 14C-glyphosate<br/>quando comparados com o biótipo S. O sequenciamento do gene que codifica a<br/>EPSPs mostrou não haver mutação nas regiões 106 e 182, as quais normalmente<br/>conferem resistência em outras espécies ao glyphosate. Nenhuma mutação no gene<br/>que codifica a EPSPs foi observada. Conclui-se que esses não são os mecanismos de<br/>resistência ao glyphosate para os biótipos avaliados.<br/><br/>Palavras-chave: absorção, translocação, mutação, 14C-glyphosate, Digitaria insularis.
650 ## - ASSUNTO - THESAGRO
Cabeçalho tópico ou nome geográfico DIGITARIA
650 ## - ASSUNTO - THESAGRO
Cabeçalho tópico ou nome geográfico ABSORÇÃO
650 ## - ASSUNTO - THESAGRO
Cabeçalho tópico ou nome geográfico TRANSLOCAÇÃO
650 ## - ASSUNTO - THESAGRO
Cabeçalho tópico ou nome geográfico MUTAÇÃO
773 0# - ENTRADA ANALÍTICA
Host Biblionumber 886
Registro do item 1816
Imprenta Londrina-PR : Sociedade Brasileira da Ciência das Plantas Daninhas, 1978
Outro identificador 2023-031023
Título Planta Daninha (Brazil)
ISSN 0100-8358; 1806-9681 (on-line)
Colação v. 37 p. 1-12; (2019)
Número de controle de registro BR2023000432
856 ## - ACESSO E ENDEREÇO ELETRÔNICO
Identificador uniforme de recurso - URI https://www.scielo.br/j/pd/a/tZkNFqK85GJdbYN8Nn8WPBs/?format=pdf&lang=en

Nenhum exemplar disponível.

BINAGRI

Telefone: (61)3218-2567/2388/3357/2097 - binagri@agro.gov.br

Ministério da Agricultura e Pecuária , Esplanada dos Ministérios, Bloco D, Anexo B, Brasília/DF, CEP: 70.043-900